000 00281nam a22001337a 4500
008 170504b xxu||||| |||| 00| 0 eng d
020 _a9780805048117
041 _aeng
080 _a347
100 _a15
101 _aSHJ
245 _aHUMAN RIGHTS
_cGOLD, S.D
942 _2udc
_cBK
999 _c12682
_d12682